| 000 | 00672nam a2200121Ia 4500 | ||
|---|---|---|---|
| 008 | 220620s9999||||xx |||||||||||||| ||und|| | ||
| 100 | _aLähdesmäki, Tuuli||Baranova, Jūratė||Ylönen, Susanne C.||Koistinen, Aino-Kaisa||Mäkinen, Katja||Juškiene, Vaiva||Zaleskiene, Irena | ||
| 245 | 0 |
_aLearning Cultural Literacy through Creative Practices in Schools _bCultural and Multimodal Approaches to Meaning-Making |
|
| 546 | _aEnglish[eng] | ||
| 650 | _acultural literacy||children's art||multimodality||learning program||creativity in education||Open Access | ||
| 856 | _uhttps://library.oapen.org/bitstream/20.500.12657/51480/1/9783030892364.pdf | ||
| 942 | _cEB | ||
| 999 |
_c33156 _d33156 |
||